Greatest Movie Characters - Top 100 - Statistics

General Stats
  • This quiz has been taken 138 times
  • The average score is 31 of 99
Answer Stats
Rank Performer(s) Character % Correct
1 Harrison Ford Indiana Jones
91%
4 Christian Bale | Adam West Batman
90%
2 Sean Connery | Daniel Craig James Bond
89%
6 Heath Ledger | Jack Nicholson The Joker
87%
3 Harrison Ford Han Solo
84%
13 Robert Downey Jr. Iron Man
78%
14 Johnny Depp Captain Jack Sparrow
71%
9 (James Earl Jones) | David Prowse Darth Vader
68%
80 Hugo Weaving V
66%
12 Michael J. Fox Marty McFly
65%
28 Arnold Schwarzenegger The Terminator
65%
21 Anthony Hopkins Hannibal Lecter
64%
36 Sylvester Stallone Rocky Balboa
64%
67 Daniel Radcliffe Harry Potter
62%
19 Tom Hiddleston Loki
61%
11 Al Pacino Michael Corleone
59%
53 Marlon Brando | Robert De Niro Vito Corleone
58%
50 Mark Hamill Luke Skywalker
56%
27 Tom Hanks Forrest Gump
55%
30 Ian McKellen Gandalf
55%
63 Hugh Jackman Wolverine
55%
46 Chris Evans Captain America
53%
51 Alec Guinness | Ewan McGregor Obi-Wan Kenobi
47%
5 Sigourney Weaver Ellen Ripley
46%
18 Humphrey Bogart Rick Blaine
46%
15 Viggo Mortensen Aragorn
44%
82 (Tom Hanks) Woody
42%
68 Keanu Reeves Neo
41%
70 Al Pacino Tony Montana
38%
72 William Shatner | Chris Pine Captain Kirk
35%
40 Matthew Broderick Ferris Bueller
35%
66 Andy Serkis Gollum
35%
61 Ian Holm | Martin Freeman Bilbo Baggins
34%
20 Christopher Lloyd Doc Brown
34%
23 Uma Thurman The Bride
34%
38 Frank Oz Yoda
34%
7 Bruce Willis John McClane
33%
57 Jennifer Lawrence Katniss Everdeen
33%
95 Russell Crowe Maximus
32%
10 Jeff Bridges The Dude
32%
94 Orlando Bloom Legolas
31%
97 Anthony Perkins Norman Bates
31%
77 Sean Astin Samwise Gamgee
31%
71 Chris Pratt Star-Lord
31%
49 Clint Eastwood Harry Callahan
29%
8 Brad Pitt Tyler Durden
29%
58 Linda Hamilton | Emilia Clarke Sarah Connor
28%
87 Tom Cruise Ethan Hunt
27%
16 Will Ferrell Ron Burgundy
27%
59 Jim Carrey Ace Ventura
26%
54 Audrey Tatou Amélie Poulain
26%
35 Gregory Peck Atticus Finch
25%
93 Christina Ricci Wednesday Addams
25%
55 Eddie Murphy Axel Foley
24%
89 (Vin Diesel) Groot
24%
26 Christian Bale Patrick Bateman
22%
31 Bill Murray Peter Venkman
22%
29 Kurt Russell Snake Plissken
22%
83 Tom Hardy Bane
21%
44 Javier Bardem Anton Chigurh
20%
25 Bruce Campbell Ash
19%
22 Robert De Niro Travis Bickle
19%
62 (Pat Welsh) E.T.
18%
74 Leslie Nielsen Frank Drebin
18%
65 Christoph Waltz Hans Landa
18%
41 Kevin Spacey Keyser Söze
17%
86 Morgan Freeman Red
17%
33 Clint Eastwood The Man With No Name
17%
73 Jake Gyllenhaal Donnie Darko
15%
91 Mandy Patinkin Inigo Montoya
14%
88 Aardman Animations Gromit
13%
52 Simon Pegg Shaun Riley
13%
64 James Stewart George Bailey
12%
92 Peter Sellers | Steve Martin Inspector Clouseau
12%
75 Rooney Mara | Noomi Rapace Lisbeth Salander
12%
81 Richard E. Grant Withnail
12%
24 Daniel Day-Lewis Daniel Plainview
11%
69 Frances McDormand Marge Gunderson
10%
47 Harrison Ford Rick Deckard
10%
45 Joe Pesci Tommy DeVito
10%
37 John Goodman Walter Sobchak
9%
39 Ryan Gosling Driver
7%
78 John Cusack Martin Blank
7%
32 Samuel L. Jackson Jules Winnfield
6%
48 Kevin Spacey Lester Burnham
6%
79 Rutger Hauer Roy Batty
6%
100 (Brad Bird) Edna Mode
5%
98 (Peter Cullen) Optimus Prime
5%
43 Rosamund Pike Amy Dunne
4%
34 Nathan Fillion Captain Mal Reynolds
4%
60 Christoph Waltz Dr. King Schultz
4%
90 (Douglas Rain) HAL
4%
99 Jack Nicholson Randle McMurphy
4%
85 Lee Marvin Walker
4%
56 Kurt Russell Jack Burton
3%
42 Jake Gyllenhaal Lou Bloom
3%
17 Ralph Fiennes M. Gustave
3%
84 Michael Biehn Corporal Hicks
2%
76 Bill Paxton Private William Hudson
2%
No matching quizzes found
Score Distribution
Percent of People with Each Score
Percentile by Number Answered
Your Score History
You have not taken this quiz